000 00752nam a2200217 i 4500
001 57322
003 ES-MaACL
005 20250717115110.0
007 t|
008 031015s1925 sp |||| | spa d
100 1 _aDomingo, Marcelino,
_d1884-1939
_945120
245 1 1 _a¿Qué es España? /
_cMarcelino Domingo.
260 _aMadrid :
_bAtlántida,
_c1925 (
_fRivadeneyra)
300 _a246 p. ;
_c19 cm.
530 _aDisponible en formato digital.
651 0 _aEspaña-
_xPolítica y gobierno-
_y1902-1931
_9226938
852 _aES-MaACL
_jF-6663
_cDEPO2
_zRevisado enlace: 17 de julio de 2025
856 4 _uhttp://bdh-rd.bne.es/viewer.vm?id=0000252619&page=1
_yBiblioteca Digital Hispánica
942 _2udc
999 _c57322
_d57322